Valid Country #1 - Statistics

General Stats
  • This quiz has been taken 432 times
  • The average score is 15 of 20
Answer Stats
Name a country ... Answer % Correct
that borders Slovenia Austria | Croatia | Hungary | Italy
94%
with veto power China | France | Russia | United Kingdom | United States
89%
whose name ends in VIA Bolivia | Latvia
88%
whose capital city is situated on the Mekong River Cambodia | Laos
87%
that shares border with both Libya and Chad Niger | Sudan
87%
that is between India and China Bhutan | Nepal
86%
that is an island country in Mediterranean Sea Cyprus | Malta
86%
that is majority Buddhist and not bordering India Cambodia | Laos | Mongolia | Sri Lanka | Thailand
84%
that is a member of BRICS Brazil | China | India | Russia | South Africa
83%
that doesn't use metric system of measurements Liberia | Myanmar | United States
83%
with area less than 1,000 km2 and in Asia Bahrain | Maldives | Singapore
82%
with more than 50 world heritage sites China | Italy
82%
that has a coastline on the Aegean Sea Greece | Turkey
81%
that is one of the Caucasus countries Armenia | Azerbaijan | Georgia | Russia
76%
with an interoceanic canal Egypt | Panama | Russia
74%
with flag featuring a building Afghanistan | Cambodia | Portugal | San Marino | Spain
66%
that ends with a unique letter Bangladesh | Denmark | Iraq | Luxembourg
66%
that is a country of Melanesia Fiji | Papua New Guinea | Solomon Islands | Vanuatu
61%
whose name has four A's Madagascar | Saudi Arabia
42%
that mainly fought in Football War in 1969 El Salvador | Honduras
31%
No matching quizzes found
Score Distribution
Percent of People with Each Score
Percentile by Number Answered
Your Score History
You have not taken this quiz